| 000 | 00864nas a2200217 a 4500 | ||
|---|---|---|---|
| 001 | 29533 | ||
| 003 | AR-BaAGN | ||
| 005 | 20231103123720.0 | ||
| 007 | ta | ||
| 008 | 220701s1931 ag |||p|r||||f|||||0spa d | ||
| 040 |
_aAR-BaAGN _bspa _eaacr |
||
| 245 | 0 | 0 |
_aLa literatura argentina : _brevista bibliográfica. |
| 260 |
_aBuenos Aires : _bL. J. Rosso, _c1931. |
||
| 300 |
_a[34] páginas : _bil., fotos |
||
| 336 |
_2rdacontent _btxt |
||
| 337 |
_2rdamedia _bn |
||
| 338 |
_2rdacarrier _bnc |
||
| 520 | _aJosé Ingenieros. Plan de estudios para una escuela de bibliotecarios. Escritoras del interior. Carlos F. Melo: fallecimiento del distinguido escritor y educacionista, su obra y su acción. La Biblioteca Nacional y su nuevo director. Homenaje del Ateneo Iberoamericano al poeta Vicente Bove. Actualidad bibliográfica | ||
| 942 | _cREVISTA | ||
| 999 |
_c29533 _d29533 |
||